| 000 | 00895nam a2200289 i 4500 | ||
|---|---|---|---|
| 001 | 200436571 | ||
| 003 | TR-AnTOB | ||
| 005 | 20250620111838.0 | ||
| 007 | ta | ||
| 008 | 191023s2015 tu 000 0 tur d | ||
| 020 | _a9786056568787 | ||
| 040 |
_aTR-AnTOB _beng _erda _cTR-AnTOB _dTR-AnTOB |
||
| 041 | 0 | _atur | |
| 050 | 1 | 4 |
_aPL248.Ç476 _bS26 2015 |
| 090 |
_aPL248.Ç476 _bS26 2015 |
||
| 100 | 1 |
_aÇermik, Şükrü _eauthor _9126003 |
|
| 245 | 1 | 0 |
_aSaltanat : _bŞehzade Mustafa'nın yaşanmamış hikayesi / _cŞükrü Çermik. |
| 250 | _a1. baskı : Ekim 2015 | ||
| 264 | 1 |
_aİstanbul : _bAygan yayıncılık, _c2015. |
|
| 300 |
_a249 pages ; _c20 cm |
||
| 336 |
_2rdacontent _atext _btxt |
||
| 337 |
_2rdamedia _aunmediated _bn |
||
| 338 |
_2rdacarrier _avolume _bnc |
||
| 650 | 7 |
_aKısa hikayeler, Türk _2etuturkob _948475 |
|
| 942 |
_2lcc _cBK |
||
| 999 |
_c200436571 _d54783 |
||